000 00771cam a22002773a 4500
001 16605
003 PGUSA
005 20140828083344.0
008 050827s2005||||xxu|||||s|||||000 | eng d
040 _aPGUSA
_beng
042 _adc
050 4 _aTT
100 1 _aUnknown
245 1 4 _aThe Ladies' Work-Book :
_bContaining Instructions In Knitting, Crochet, Point-Lace, etc.
_h[electronic resource] /
_cUnknown
260 _bProject Gutenberg,
_c2005
506 _aPublic domain in the USA.
516 _aElectronic text
653 _aCrocheting
653 _aLace and lace making
653 _aNetting
653 _aKnitting
653 _aEmbroidery
830 0 _aProject Gutenberg
_v16605
856 4 0 _uhttp://www.gutenberg.org/ebooks/16605
942 _cEB
999 _c245860
_d245860